| 000 | 03388nab a2200313 i 4500 | ||
|---|---|---|---|
| 003 | BR-BrBNA | ||
| 005 | 20241220143854.0 | ||
| 008 | 241220b2015 bl.|r|pooa||| 00| 0 eng | | ||
| 040 |
_aBR-BrBNA _beng |
||
| 072 |
_aL73 _b5400 |
||
| 072 | _aL70 | ||
| 100 | _aPereira, D.T. | ||
| 100 | _aCunha, V.E.S. | ||
| 100 | _aSchmidt, C. | ||
| 100 | _aMagnus, T. | ||
| 100 | _aKrause , A. | ||
| 245 | _aSensitization study of dogs with atopic dermatitis in the central region of Rio Grande do Sul | ||
| 500 | _aPublicação online; 24 ref.; 3 tables; Summaries (En, Pt) | ||
| 520 | _a ABSTRACT - Canine atopic dermatitis (CAD) is a common dermatosis, defined as a genetic-related disease which predisposes to skin inflammation and pruritus, associated to a IgE-specific response in most of cases. Clinical diagnosis may be later complemented by skin allergy and/or serological tests. The aim of these tests is to identify possible allergens in order to enable the clinicians to select candidate antigens for allergen specific immunotherapy. In the present study 58 CAD positive animals were tested. All were submitted to the intradermal test (IDT) and screened for the presence of antibodies against different antigens using ELISA. The obtained results show a high prevalence of sensitization among the tested dogs to house dust mites and to pollen of C. dactylon. With this work it was possible to identify the main allergens involved in immunological response of dogs with CAD living in central area of Rio Grande do Sul. Keywords: intradermal test, serological test, house dust mites, storage mites, Cynodon dactylon | ||
| 520 | _a RESUMO - A dermatite atópica canina (DAC) é uma dermatose comum, definida como doença de cunho genético que predispõe à inflamação e ao prurido cutâneo, associados à resposta IgE específica na maior parte dos casos. O diagnóstico da DAC é clínico e pode ser posteriormente complementado por testes alérgicos cutâneos e/ou sorológicos. O objetivo desses testes é identificar possíveis alérgenos e, com isso, possibilitar ao clínico a seleção de antígenos candidatos para a imunoterapia alérgeno-específica. No presente estudo, foram testados 58 animais diagnosticados para DAC. Todos os animais foram submetidos ao teste cutâneo intradérmico (TID), e amostras de sangue foram coletadas para a realização de testes sorológicos. Os resultados obtidos demonstraram elevada prevalência de sensibilização aos ácaros domiciliares e ao pólen da gramínea C. dactylon nos cães testados. Com este trabalho, foi possível identificar os principais alérgenos envolvidos na resposta imunológica de cães atópicos residentes na região central do Rio Grande do Sul. Palavras-chave: teste intradérmico, teste sorológico, ácaros da poeira domiciliar, ácaros de produtos armazenados, Cynodon dactylon | ||
| 650 | _aCÃO | ||
| 650 | _aDOENÇA ANIMAL | ||
| 650 | _aDERMATITE | ||
| 650 | _aVETERINÁRIA | ||
| 773 | 0 |
_01643 _9315898 _dBelo Horizonte-MG Universidade Federal de Minas Gerais - Escola de Veterinaria 1983 _o2024-2263 _tArquivo Brasileiro de Medicina Veterinária e Zootecnia (Brazil) _x0102-0935 _gv. 67(6) p. 1533-1538; (2015) _wBR2024004028 |
|
| 856 | _uhttps://www.scielo.br/j/abmvz/a/fqJMMWxjGvKjsTvRdBWFyvx/?format=pdf&lang=en | ||
| 942 | _cANA | ||
| 999 |
_c329385 _d329385 |
||